Sobre el magisterio isidoriano en la Alta Edad Media (Record no. 24102)
[ view plain ]
| 000 -LEADER | |
|---|---|
| campo de control de longitud fija | 00692nam a2200193 i 4500 |
| 001 - NÚMERO DE CONTROL | |
| campo de control | 24102 |
| 003 - IDENTIFICADOR DE NÚMERO DE CONTROL | |
| campo de control | ES-MaACL |
| 005 - FECHA Y HORA DE LA ÚLTIMA TRANSACCIÓN | |
| campo de control | 20250828000901.0 |
| 007 - CAMPO FIJO DE DESCRIPCIÓN FÍSICA--INFORMACIÓN GENERAL | |
| campo de control de longitud fija | t| |
| 008 - DATOS DE LONGITUD FIJA--INFORMACIÓN GENERAL | |
| campo de control de longitud fija | 021216s1978 sp ||||1| spa d |
| 100 1# - ENTRADA PRINCIPAL--NOMBRE DE PERSONA | |
| Nombre de persona | Antelo Iglesias, Antonio. |
| 9 (RLIN) | 21870 |
| 245 10 - MENCIÓN DEL TÍTULO | |
| Título | Sobre el magisterio isidoriano en la Alta Edad Media |
| Resto del título | : notas de historia literaria y cultural / |
| Mención de responsabilidad, etc. | Antonio Antelo Iglesias. |
| 260 ## - PUBLICACIÓN, DISTRIBUCIÓN, ETC. | |
| Lugar de publicación, distribución, etc. | Madrid : |
| Nombre del editor, distribuidor, etc. | Instituto Jerónimo Zurita, |
| Fecha de publicación, distribución, etc. | [1978] |
| 300 ## - DESCRIPCIÓN FÍSICA | |
| Extensión | 9 h. ; |
| Dimensiones | 24 cm. |
| 500 ## - NOTA GENERAL | |
| Nota general | Es Separata de: Hispania, Rev. Española de Hª, Tomo XXXVIII, pp. 55-70. |
| 710 2# - ENTRADA AGREGADA--NOMBRE DE ENTIDAD CORPORATIVA | |
| Nombre de entidad corporativa o nombre de jurisdicción como elemento de entrada | Instituto Jerónimo Zurita |
| 9 (RLIN) | 5106 |
| 852 ## - LOCALIZACIÓN | |
| Ubicación | ES-MaACL |
| Número de control de estantería | 2125-F-3 |
| Sublocalización o colección | R.98447 |
| Estatus retirado | Estado de pérdida | Estado de daño | No para préstamo | Colección | Biblioteca de origen | Biblioteca actual | Ubicación en estantería | Fecha de adquisición | Fuente de adquisición | Total de préstamos | Signatura topográfica completa | Código de barras | Visto por última vez | Precio de reemplazo | Tipo de ítem Koha |
|---|---|---|---|---|---|---|---|---|---|---|---|---|---|---|---|
| Colección de folletos | Biblioteca del Ateneo de Madrid | Biblioteca del Ateneo de Madrid | Depósito folletos | 17/01/2008 | 2125-F-3 | 1024843 | 23/02/2023 | 23/02/2023 | Folleto |
